书目信息 |
| 题名: |
网络控制系统分析与控制
|
|
| 作者: | 邱占芝 , 张庆灵 , 杨春雨 著 | |
| 分册: | ||
| 出版信息: | 北京 科学出版社 2009 |
|
| 页数: | 175页 | |
| 开本: | 24cm | |
| 丛书名: | ||
| 单 册: | ||
| 中图分类: | TP273 | |
| 科图分类: | ||
| 主题词: | 计算机网络--自动控制系统 , 计算机网络 , 自动控制系统 | |
| 电子资源: | ||
| ISBN: | 978-7-03-022895-6 | |
| 000 | 01074nam0 2200289 45 | |
| 001 | 1029985355 | |
| 005 | 20100429094259.10 | |
| 010 | @a978-7-03-022895-6@dCNY39.00 | |
| 100 | @a20100420d2009 ekmy0chiy0120 ea | |
| 101 | 0 | @achi |
| 102 | @aCN@b110000 | |
| 105 | @ay z 000yy | |
| 106 | @ar | |
| 200 | 1 | @a网络控制系统分析与控制@AWang Luo Kong Zhi Xi Tong Fen Xi Yu Kong Zhi@f邱占芝,张庆灵,杨春雨著@FQiu Zhan Zhi, Zhang Qing Ling, Yang Chun Yu Zhu |
| 210 | @a北京@c科学出版社@d2009 | |
| 215 | @a175页@d24cm | |
| 300 | @a辽宁省自然科学基金(20072157,12050770)、辽宁省教育厅计划(20060107)、大连市人民政府、大连交通大学资助出版 | |
| 330 | @a本书阐述了网络控制系统存在的问题、研究现状与发展趋势;深入研究了网络控制系统中时延、数据包丢失产生的原因等。 | |
| 606 | 0 | @a计算机网络@x自动控制系统 |
| 606 | 0 | @a计算机网络 |
| 606 | 0 | @a自动控制系统 |
| 690 | @aTP273@v4 | |
| 701 | 0 | @a邱占芝@AQiu Zhan Zhi@4著 |
| 701 | 0 | @a张庆灵@AZhang Qing Ling@4著 |
| 701 | 0 | @a杨春雨@AYang Chun Yu@4著 |
| 801 | 0 | @aCN@bTANGWEI@c20100429 |
| 905 | @b0595304-06@dTP273@e100@f3 | |
| 网络控制系统分析与控制/邱占芝,张庆灵,杨春雨著.-北京:科学出版社,2009 |
| 175页;24cm |
| 辽宁省自然科学基金(20072157,12050770)、辽宁省教育厅计划(20060107)、大连市人民政府、大连交通大学资助出版 |
| ISBN 978-7-03-022895-6:CNY39.00 |
| 本书阐述了网络控制系统存在的问题、研究现状与发展趋势;深入研究了网络控制系统中时延、数据包丢失产生的原因等。 |
| ● |
| 相关链接 |
|
|
|
|
正题名:网络控制系统分析与控制
索取号:TP273/100
 
预约/预借
| 序号 | 登录号 | 条形码 | 馆藏地/架位号 | 状态 | 备注 |
| 1 | 0595304 | 205953048 | 第二样本阅览室/ [索取号:TP273/100] | 在馆 | |
| 2 | 0595305 | 205953057 | 第三借阅区/ [索取号:TP273/100] | 在馆 | |
| 3 | 0595306 | 205953066 | 第三借阅区/ [索取号:TP273/100] | 在馆 |